[Event "16th Asian Games Rapid"]
[Site "Guangzhou CHN"]
[Date "2010.11.15"]
[Round "4"]
[White "Al Qudaimi, Basheer"]
[Black "Shrestha, Bilam Lal"]
[Result "0-1"]
[WhiteTitle "IM"]
[WhiteElo "2406"]
[BlackElo "2138"]
[WhiteFideId "9400346"]
[BlackFideId "12300047"]
[EventDate "2010.11.13"]

1. e4 c5 2. Ne2 e5 3. g3 Nc6 4. Bg2 d6 5. c3 g6 6. d4 Bg7 7. Be3 cxd4 8. cxd4
Nge7 9. O-O O-O 10. Nbc3 a6 11. h3 Bd7 12. f4 exd4 13. Nxd4 Nxd4 14. Bxd4 Bc6
15. Bxg7 Kxg7 16. Qd4+ Kg8 17. Rad1 Re8 18. Kh2 d5 19. exd5 Nf5 20. Qf2 Bd7 21.
Rfe1 Rc8 22. Ne4 Ba4 23. b3 Bb5 24. g4 Nd6 25. a4 Nxe4 26. Bxe4 Bd7 27. d6 Rc3
28. Bd5 Rxe1 29. Qxe1 Rc2+ 30. Kh1 Qf6 31. Qe7 Qxf4 32. Bg2 Bc6 0-1

[Event "16th Asian Games Rapid"]
[Site "Guangzhou CHN"]
[Date "2010.11.15"]
[Round "4"]
[White "Shukuraliev, Algis"]
[Black "Yamada, Kohei"]
[Result "1-0"]
[WhiteElo "2376"]
[BlackElo "2091"]
[WhiteFideId "13800426"]
[BlackFideId "7000936"]
[EventDate "2010.11.13"]

1. Nf3 Nf6 2. d4 d5 3. c4 c6 4. Nc3 dxc4 5. a4 Bf5 6. e3 e6 7. Bxc4 Bb4 8. O-O
O-O 9. Qe2 Nbd7 10. e4 Bg6 11. Bg5 Qa5 12. Bd3 Bh5 13. Bh4 h6 14. Na2 Be7 15. h3
Rfe8 16. g4 Nxg4 17. b4 Bxb4 18. hxg4 Bxg4 19. Nxb4 Qh5 20. Kg2 g5 21. Qe3 gxh4
22. Nh2 Nf6 23. f3 Bf5 24. exf5 exf5 25. Qf4 Qg6+ 26. Kh1 Nh5 27. Qxh4 Ng3+ 28.
Qxg3 Qxg3 29. Rg1 1-0

[Event "16th Asian Games Rapid"]
[Site "Guangzhou CHN"]
[Date "2010.11.15"]
[Round "4"]
[White "Abdul Rahman Ali"]
[Black "Mok, Tze-Meng"]
[Result "0-1"]
[BlackTitle "IM"]
[WhiteElo "1936"]
[BlackElo "2394"]
[WhiteFideId "16700066"]
[BlackFideId "5700329"]
[EventDate "2010.11.13"]

1. d4 g6 2. e3 Bg7 3. f4 d5 4. Bd3 Nf6 5. Nd2 Bf5 6. Ngf3 Nbd7 7. Qe2 e6 8. Ne5
O-O 9. b3 c5 10. O-O Rc8 11. Ba3 Re8 12. Kh1 a6 13. Rg1 b5 14. Bb2 c4 15. Bxf5
exf5 16. c3 Nb6 17. g4 Nxg4 18. Nxg4 fxg4 19. Rxg4 Qd6 20. Rag1 f5 21. R4g2 b4
22. bxc4 dxc4 23. Nf3 bxc3 24. Bxc3 Nd5 25. Qd2 Rxe3 26. Ba1 Rxf3 27. Re1 Qxf4
28. Qa5 Rf1+ 29. Rxf1 Qxf1+ 30. Rg1 Qf3+ 31. Rg2 Ne3 32. Qd2 c3 33. Qe2 Qxg2+
34. Qxg2 Nxg2 35. Kxg2 0-1

[Event "16th Asian Games Rapid"]
[Site "Guangzhou CHN"]
[Date "2010.11.15"]
[Round "4"]
[White "Hassan, Abdullah"]
[Black "Nepali, Badrilal"]
[Result "1-0"]
[WhiteTitle "IM"]
[WhiteElo "2398"]
[BlackElo "2102"]
[WhiteFideId "9300481"]
[BlackFideId "12300020"]
[EventDate "2010.11.13"]

1. d4 Nf6 2. Nf3 e6 3. e3 d5 4. Bd3 c5 5. b3 Nc6 6. a3 cxd4 7. exd4 Bd6 8. Bb2
O-O 9. O-O Re8 10. Qe2 b6 11. Nbd2 Bb7 12. Ne5 Rc8 13. f4 g6 14. Rf3 Ne7 15. Rh3
Qc7 16. c3 Nc6 17. g4 Bf8 18. g5 Nd7 19. Nxf7 Kxf7 20. Rxh7+ Bg7 21. Bxg6+ Kg8
22. Bxe8 Rxe8 23. Qh5 Re7 24. Rf1 Bxd4+ 25. cxd4 Rxh7 26. Qg6+ Kh8 27. Qxe6 Nf8
28. Qxd5 Qe7 29. Qe4 Kg8 30. Qd3 Qd7 31. Ne4 Qg4+ 32. Qg3 Qxg3+ 33. hxg3 Re7 34.
Nf6+ Kf7 35. d5 Na5 36. Be5 Nxb3 37. d6 Rd7 38. Nxd7 Nxd7 39. Bc3 Ke6 40. g6 Be4 1-0

[Event "16th Asian Games Rapid"]
[Site "Guangzhou CHN"]
[Date "2010.11.15"]
[Round "4"]
[White "Le, Quang Liem"]
[Black "Ganguly, Surya Shekhar"]
[Result "1-0"]
[WhiteTitle "GM"]
[BlackTitle "GM"]
[WhiteElo "2689"]
[BlackElo "2644"]
[WhiteFideId "12401137"]
[BlackFideId "5002150"]
[EventDate "2010.11.13"]

1. Nf3 d5 2. d4 Nf6 3. c4 dxc4 4. e3 e6 5. Bxc4 c5 6. O-O a6 7. a4 b6 8. Qe2 Bb7
9. Qd1 Bc8 10. Qe2 Bb7 11. Rd1 Qc7 12. Nc3 Nbd7 13. d5 exd5 14. Nxd5 Nxd5 15.
Bxd5 Bxd5 16. Rxd5 Be7 17. e4 O-O 18. e5 Qc6 19. Rd1 h6 20. Be3 Rfd8 21. h3 Qe4
22. Qd3 Qxd3 23. Rxd3 Nf8 24. Rad1 Ne6 25. Kf1 b5 26. Rxd8+ Rxd8 27. Kg1 Ra8 28.
Kf1 Rd8 29. Rxd8+ Bxd8 30. b3 f5 31. exf6 Bxf6 32. Ke2 Kf7 33. axb5 axb5 34. Kd3
Ke7 35. Ke4 Kd6 36. g4 c4 37. bxc4 bxc4 38. h4 Nc5+ 39. Kf5 Kd5 40. Bxh6 gxh6
41. Kxf6 c3 42. Ne1 Ne4+ 43. Kf5 Nxf2 44. g5 h5 45. g6 Ng4 46. g7 Nh6+ 47. Kg6
Ng8 48. Kxh5 Ke6 49. Kg6 Ne7+ 50. Kh7 Kf5 51. h5 Kg5 52. h6 Kh5 53. Nc2 Kg5 54.
Nd4 Kh5 55. Kh8 Ng6+ 56. Kg8 Kxh6 57. Nf5+ Kg5 58. Kh7 Kxf5 59. g8=Q 1-0

[Event "16th Asian Games Rapid"]
[Site "Guangzhou CHN"]
[Date "2010.11.15"]
[Round "4"]
[White "Moradiabadi, Elshan"]
[Black "Kojima, Shinya"]
[Result "1-0"]
[WhiteTitle "GM"]
[BlackTitle "FM"]
[WhiteElo "2575"]
[BlackElo "2329"]
[WhiteFideId "12501255"]
[BlackFideId "7000812"]
[EventDate "2010.11.13"]

1. d4 d5 2. c4 c6 3. Nc3 Nf6 4. Nf3 dxc4 5. e3 b5 6. a4 b4 7. Na2 e6 8. Bxc4 Bb7
9. Bd2 a5 10. O-O Nbd7 11. Nc1 Be7 12. Nb3 O-O 13. Qe2 c5 14. Rfd1 Qb6 15. Be1
Rfd8 16. Bb5 Bd5 17. Nfd2 cxd4 18. Nxd4 e5 19. Nf5 Bf8 20. e4 Bb7 21. Nc4 Qe6
22. Ncd6 Bxe4 23. Nxg7 Bxg7 24. Nxe4 Nxe4 25. Qxe4 Nc5 26. Qc2 Nb3 27. Rxd8+
Rxd8 28. Rd1 Nd4 29. Qb1 Rc8 30. Bd3 f5 31. f3 Qb3 32. Bf2 Qxa4 33. Bxd4 exd4
34. Bxf5 Re8 35. Bxh7+ Kh8 36. Be4 Bh6 37. Qd3 Be3+ 38. Kh1 Rc8 39. Rf1 b3 40.
Qa6 Qc4 41. Qf6+ Kg8 42. Qg6+ Kf8 43. Bd3 Qc6 44. Qf5+ Ke7 45. Qxa5 1-0

[Event "16th Asian Games Rapid"]
[Site "Guangzhou CHN"]
[Date "2010.11.15"]
[Round "4"]
[White "Modallal, Tarek"]
[Black "Mohammad, Samir"]
[Result "0-1"]
[BlackTitle "FM"]
[WhiteElo "2028"]
[BlackElo "2361"]
[WhiteFideId "5300630"]
[BlackFideId "7600372"]
[EventDate "2010.11.13"]

1. e4 c5 2. Nc3 Nc6 3. f4 e6 4. Nf3 d6 5. Bb5 Bd7 6. d3 Nf6 7. O-O Be7 8. Qe1
O-O 9. e5 dxe5 10. fxe5 Nd5 11. Ne4 Nxe5 12. Nxe5 Bxb5 13. c4 Nb4 14. Qg3 Bh4
15. Qf4 Be8 16. Nxc5 Be7 17. Be3 Nc2 18. Rac1 Nxe3 19. Qxe3 Bg5 20. Qf2 Bxc1 21.
Rxc1 b6 22. Nb3 f6 23. Rf1 Ba4 24. Ng4 Bxb3 25. axb3 Qxd3 26. Qh4 Rad8 27. h3
Qd4+ 28. Kh2 f5 29. Nh6+ gxh6 30. Rf4 Qf6 31. Qg3+ Kh8 32. Rh4 e5 33. Qe3 0-1

[Event "16th Asian Games Rapid"]
[Site "Guangzhou CHN"]
[Date "2010.11.15"]
[Round "4"]
[White "Minhazuddin, Ahmed"]
[Black "Lee, Kiyul"]
[Result "1-0"]
[WhiteTitle "FM"]
[WhiteElo "2350"]
[BlackElo "1945"]
[WhiteFideId "10201955"]
[BlackFideId "13200054"]
[EventDate "2010.11.13"]

1. e4 e5 2. Nf3 Nc6 3. d4 exd4 4. Nxd4 Bc5 5. Be3 Qf6 6. c3 Nge7 7. Bc4 Ne5 8.
Be2 Qg6 9. O-O d6 10. Kh1 O-O 11. f4 N5c6 12. Nxc6 Nxc6 13. Bxc5 dxc5 14. Bf3
Rd8 15. Qe2 Qh6 16. Qe3 Ne5 17. Nd2 Bg4 18. Qxc5 Rxd2 19. Qxe5 Bxf3 20. Rxf3
Rad8 21. Raf1 Qg6 22. g3 Qh6 23. R1f2 Rxf2 24. Rxf2 Qh3 25. Rg2 Qg4 26. Rd2 Qf3+
27. Kg1 Qe3+ 28. Rf2 Qf3 29. Rd2 Qe3+ 30. Rf2 h6 31. Kg2 Rd2 32. Rxd2 Qxd2+ 33.
Kh3 Qd7+ 34. f5 Kh7 35. Qd5 Qe7 36. e5 c6 37. Qe4 Kg8 38. e6 Kf8 39. Qe5 fxe6
40. fxe6 Qd8 41. Qf5+ Qf6 42. Qe5 Qd8 43. Qf5+ Qf6 44. Kg4 Ke7 1-0

[Event "16th Asian Games Rapid"]
[Site "Guangzhou CHN"]
[Date "2010.11.15"]
[Round "4"]
[White "Murshed, Niaz"]
[Black "Ahmed, Abdul Sattar"]
[Result "1-0"]
[WhiteTitle "GM"]
[BlackTitle "FM"]
[WhiteElo "2429"]
[BlackElo "2309"]
[WhiteFideId "10200010"]
[BlackFideId "4801849"]
[EventDate "2010.11.13"]

1. d4 Nf6 2. c4 g6 3. g3 Bg7 4. Bg2 Bf8 5. Bf1 Bg7 6. Bg2 O-O 7. Nc3 d6 8. Nf3
Nbd7 9. O-O e5 10. b3 Re8 11. Bb2 e4 12. Ne1 e3 13. fxe3 Rxe3 14. Nc2 Re8 15. e3
Nf8 16. e4 h5 17. Qf3 Bg4 18. Qf2 Qd7 19. Ne3 N8h7 20. e5 dxe5 21. dxe5 Rxe5 22.
Ncd5 Nxd5 23. Bxd5 Rf8 24. Bxe5 Bxe5 25. Rae1 Ng5 26. Qc2 Bd4 27. Qxg6+ Kh8 28.
Qxg5 1-0

[Event "16th Asian Games Rapid"]
[Site "Guangzhou CHN"]
[Date "2010.11.15"]
[Round "4"]
[White "Sadvakasov, Darmen"]
[Black "Battulga, Namkhai"]
[Result "1-0"]
[WhiteTitle "GM"]
[BlackTitle "FM"]
[WhiteElo "2627"]
[BlackElo "2428"]
[WhiteFideId "13700464"]
[BlackFideId "4900880"]
[EventDate "2010.11.13"]

1. e4 c5 2. Nf3 d6 3. d4 cxd4 4. Nxd4 Nf6 5. Nc3 a6 6. Be3 e6 7. g4 h6 8. Bg2 e5
9. Nf5 g6 10. Qe2 gxf5 11. exf5 Rg8 12. h3 Qc7 13. f4 Bd7 14. O-O-O Bc6 15. fxe5
dxe5 16. Bb6 Qxb6 17. Qxe5+ Be7 18. Rhe1 Qb4 19. a3 Nbd7 20. Bxc6 bxc6 21. Qe2
Qf4+ 22. Kb1 Kf8 23. Qxe7+ Kg7 24. Rxd7 Nxd7 25. Qxd7 Rab8 26. Re4 Qf1+ 27. Ka2
Rgd8 28. Qxc6 Qc1 29. Rb4 Qxc2 30. f6+ Kg8 31. Qc7 Rbc8 32. Qe5 Re8 33. Qd4 Re1
34. Rb7 Re6 35. Rxf7 Kxf7 36. Qd7+ Kxf6 37. Qxc8 Qd3 38. h4 Ke5 39. g5 hxg5 40.
hxg5 Rg6 41. Qc5+ Kf4 42. Nd5+ Kf3 43. Ne7 Rg7 44. g6 Kg2 45. Nf5 Rd7 46. g7 Rd8
47. Ne7 Qg3 48. g8=Q Rxg8 49. Qd5+ 1-0

[Event "16th Asian Games Rapid"]
[Site "Guangzhou CHN"]
[Date "2010.11.15"]
[Round "4"]
[White "Tologontegin, Semetey"]
[Black "Lee, Sanghoon"]
[Result "1/2-1/2"]
[WhiteTitle "FM"]
[BlackTitle "CM"]
[WhiteElo "2330"]
[BlackElo "2132"]
[WhiteFideId "13800574"]
[BlackFideId "13200011"]
[EventDate "2010.11.13"]

1. d4 Nf6 2. c4 g6 3. Nc3 d5 4. cxd5 Nxd5 5. Bd2 Bg7 6. e3 O-O 7. Nf3 c5 8. Be2
Nc6 9. dxc5 Nxc3 10. Bxc3 Bxc3+ 11. bxc3 Qa5 12. O-O Qxc5 13. Qb3 b6 14. Rfd1
Be6 15. Qb5 Rad8 16. Nd4 Bd7 17. Qxc5 bxc5 18. Nb3 Bf5 19. Nxc5 Na5 20. e4 Rc8
21. Nd7 Bxd7 22. Rxd7 Rxc3 23. Rxe7 Nc6 24. Rd7 Rb8 25. Bd1 Ra3 26. Rc1 Ne5 27.
Rd5 Nd3 28. Rc2 Rb1 29. Rd2 Nb2 30. g3 Rxa2 31. Kg2 Rxd1 32. Rxd1 Nxd1 33. Rxd1
a5 34. Kf3 a4 35. Rd8+ Kg7 36. e5 g5 37. h4 gxh4 38. gxh4 h5 39. Rd6 Rb2 40. Rd4
a3 41. Ra4 a2 42. Ra6 Rb3+ 43. Kf4 Rb2 44. f3 Rf2 45. Kg3 Rb2 46. Kf4 Rf2 47.
Ra3 Kg6 48. Ra6+ Kg7 49. Ra3 Kg6 50. Ra7 Kg7 51. e6 a1=Q 52. Rxa1 fxe6 53. Rg1+
Kf6 54. Rg5 e5+ 55. Ke3 Ra2 56. Rxh5 Ra3+ 57. Ke4 Ra4+ 58. Ke3 Ra3+ 59. Kf2 Ra2+
60. Ke3 Ra3+ 61. Ke4 Ra4+ 62. Ke3 Ra3+ 63. Kf2 Ra2+ 64. Kg3 Ra3 65. Kf2 Ra2+ 66.
Kg3 Ra3 67. Rh6+ Kf5 68. Rh5+ Kf6 69. Kg4 Ra4+ 70. Kg3 Ra3 71. Rh6+ Kf5 72. Kf2
Ra2+ 73. Ke3 Ra3+ 74. Ke2 Ra2+ 75. Ke3 Ra3+ 76. Kf2 Ra2+ 77. Kg3 Ra3 78. Rh8 e4
79. Rf8+ Kg6 80. Kg4 Rxf3 81. Re8 Re3 82. Kf4 Re1 83. Kg4 Re3 84. Kf4 Re1 85.
Re6+ Kh5 86. Re8 e3 87. Rh8+ Kg6 88. h5+ Kg7 89. Re8 e2 90. Kf3 Kh6 91. Rxe2
Rxe2 92. Kxe2 Kxh5 1/2-1/2

[Event "16th Asian Games Rapid"]
[Site "Guangzhou CHN"]
[Date "2010.11.15"]
[Round "4"]
[White "So, Wesley"]
[Black "Megaranto, Susanto"]
[Result "1-0"]
[WhiteTitle "GM"]
[BlackTitle "GM"]
[WhiteElo "2669"]
[BlackElo "2528"]
[WhiteFideId "5202213"]
[BlackFideId "7101384"]
[EventDate "2010.11.13"]

1. d4 Nf6 2. c4 e6 3. Nf3 Bb4+ 4. Bd2 a5 5. g3 b6 6. Bg2 Bb7 7. O-O O-O 8. Bf4
Be7 9. Nc3 Ne4 10. Nb5 Na6 11. d5 c6 12. dxc6 dxc6 13. Nbd4 c5 14. Nb5 Qc8 15.
Qc2 Nb4 16. Qb1 Nf6 17. a3 Be4 18. Qc1 Nc2 19. Ra2 Rd8 20. e3 Qb7 21. Nh4 e5 22.
Bg5 Rd7 23. Nc3 Bxg2 24. Nxg2 Nd4 25. exd4 cxd4 26. Bxf6 Bxf6 27. Nd5 Bd8 28.
Qe1 f6 29. a4 Be7 30. Nxe7+ Rxe7 31. b3 f5 32. Re2 Rae8 33. Qd2 Qf3 34. Nh4 Qg4
35. Rfe1 f4 36. Qd3 g5 37. Nf5 Re6 38. Rxe5 1-0

[Event "16th Asian Games Rapid"]
[Site "Guangzhou CHN"]
[Date "2010.11.15"]
[Round "5"]
[White "Ahmed, Abdul Sattar"]
[Black "Abdul Rahman Ali"]
[Result "1-0"]
[WhiteTitle "FM"]
[WhiteElo "2309"]
[BlackElo "1936"]
[WhiteFideId "4801849"]
[BlackFideId "16700066"]
[EventDate "2010.11.13"]

1. e4 e6 2. d4 d5 3. Nc3 Bb4 4. e5 c6 5. Qg4 g6 6. h4 Ne7 7. h5 Nd7 8. hxg6 Nxg6
9. Bd3 Ndf8 10. Ne2 Bd7 11. a3 Be7 12. f4 Qc8 13. Ng3 a6 14. Nh5 c5 15. Bd2 c4
16. Ng7+ Kd8 17. Nxd5 exd5 18. Ba5+ Qc7 19. Bxc7+ Kxc7 20. Bf5 Rg8 21. Bxd7 Nxd7
22. Rxh7 Ndf8 23. Nf5 Nxh7 24. Nxe7 Nxe7 25. Qh4 Rae8 26. Qxh7 Rxg2 27. O-O-O
Rf8 28. f5 Kd8 29. f6 Ng6 30. Qh1 Nf4 31. Qf1 Rg4 32. Qe1 Kc8 33. Qb4 Rd8 34.
Kb1 Ne6 35. c3 Rh4 36. Rg1 Rh2 37. Qe7 Rd7 38. Qe8+ Kc7 39. Rg8 Nd8 40. Qe7 Ne6
41. Qe8 Nd8 42. Qf8 b6 43. Qe8 Ne6 44. Rg1 Nd8 45. Rg8 Ne6 46. Qe7 Nd8 47. Qe8
Re2 48. Ka2 Re1 49. Qf8 Rh1 50. Qe7 Nc6 51. Qe8 Nd8 52. a4 Re1 53. a5 bxa5 54.
Qf8 Re2 55. Qc5+ Nc6 56. Re8 Kb7 57. Rg8 Kc7 58. Re8 Kb7 59. Re7 Nxe7 60. fxe7 1-0

[Event "16th Asian Games Rapid"]
[Site "Guangzhou CHN"]
[Date "2010.11.15"]
[Round "5"]
[White "Battulga, Namkhai"]
[Black "Minhazuddin, Ahmed"]
[Result "1-0"]
[WhiteTitle "FM"]
[BlackTitle "FM"]
[WhiteElo "2428"]
[BlackElo "2350"]
[WhiteFideId "4900880"]
[BlackFideId "10201955"]
[EventDate "2010.11.13"]

1. e4 e5 2. Nf3 Nf6 3. Nxe5 d6 4. Nf3 Nxe4 5. d4 d5 6. Bd3 Nc6 7. O-O Bg4 8. c4
Be7 9. Nc3 Nf6 10. cxd5 Nxd5 11. h3 Bh5 12. Be4 Nf6 13. Bxc6+ bxc6 14. g4 Nxg4
15. hxg4 Bxg4 16. Qd3 f6 17. Qe4 Qd7 18. Re1 Bf5 19. Qe2 Bg4 20. d5 O-O 21. Qxe7
Qxe7 22. Rxe7 Bxf3 23. Bf4 Rab8 24. Bxc7 Rb4 25. Re3 Rg4+ 26. Bg3 Bxd5 27. Nxd5
cxd5 28. Kh2 f5 29. Be5 f4 30. Rh3 Re8 31. Bd4 Re4 32. Bxa7 Ra4 33. Bc5 Rg6 34.
b3 Re4 35. a4 Rc6 36. b4 g5 37. Rh5 Rg6 38. a5 g4 39. a6 1-0

[Event "16th Asian Games Rapid"]
[Site "Guangzhou CHN"]
[Date "2010.11.15"]
[Round "5"]
[White "Al-Zendani, Zendan"]
[Black "Shukuraliev, Algis"]
[Result "1-0"]
[WhiteTitle "IM"]
[WhiteElo "2398"]
[BlackElo "2376"]
[WhiteFideId "9400249"]
[BlackFideId "13800426"]
[EventDate "2010.11.13"]

1. d4 d5 2. c4 c6 3. e3 Nf6 4. Nc3 a6 5. cxd5 cxd5 6. Bd3 Nc6 7. h3 e5 8. dxe5
Nxe5 9. Nf3 Bd6 10. O-O O-O 11. b3 Qe7 12. Bb2 Nxf3+ 13. Qxf3 Qe5 14. Rfd1 Be6
15. Na4 Qg5 16. Nb6 Rad8 17. Bd4 Ng4 18. Qe2 Nh6 19. f4 Qg3 20. Qf2 Qxf2+ 21.
Kxf2 Ba3 22. g4 f5 23. g5 Nf7 24. Rab1 Bd6 25. Rbc1 Rfe8 26. h4 Bb8 27. h5 Rd6
28. b4 Ba7 29. Na4 Bxd4 30. exd4 g6 31. h6 Bd7 32. Nc5 Bc8 33. Re1 Rxe1 34. Rxe1
Kf8 35. Rc1 Rc6 36. b5 axb5 37. Bxb5 Rb6 38. a4 Nd6 39. Nd3 Be6 40. Rc7 Nf7 41.
Nc5 Rd6 42. Nxb7 Rb6 43. Nc5 Rd6 44. a5 Nd8 45. a6 1-0

[Event "16th Asian Games Rapid"]
[Site "Guangzhou CHN"]
[Date "2010.11.15"]
[Round "5"]
[White "Alshoha, Basel"]
[Black "Kakageldyev, Amanmurad"]
[Result "0-1"]
[BlackTitle "IM"]
[WhiteElo "2106"]
[BlackElo "2400"]
[WhiteFideId "8101914"]
[BlackFideId "14000024"]
[EventDate "2010.11.13"]

1. e4 g6 2. d4 Bg7 3. Nf3 d6 4. Bc4 c6 5. Bb3 Nf6 6. Qe2 O-O 7. O-O a5 8. a4 b6
9. Rd1 Ba6 10. Qe1 e6 11. Nc3 d5 12. e5 Ne8 13. Bg5 Qc7 14. Qe3 Ra7 15. Re1 Qd7
16. Rad1 Rc7 17. Qf4 b5 18. Qh4 b4 19. Ne2 Bxe2 20. Rxe2 c5 21. dxc5 Nc6 22. Bh6
Ne7 23. Bg5 Nc6 24. Bh6 Ne7 25. g4 f5 26. exf6 Nxf6 27. Bxg7 Kxg7 28. Ne5 Qc8
29. Rd3 Rxc5 30. Rh3 Neg8 31. Nd3 Rc6 32. Rhe3 Ne4 33. Ne5 Rc7 34. f3 Nd6 35.
Qg3 Qd8 36. h4 Nc4 37. Bxc4 dxc4 38. h5 Nf6 39. hxg6 hxg6 40. Nxg6 Kxg6 41. Rxe6
Qd1+ 42. Kg2 Rh7 43. Re1 Qxc2+ 44. R1e2 Qc1 45. Re1 Qxb2+ 46. R1e2 Qc1 47. Re1
Qd2+ 48. R1e2 Qc1 49. Re1 Qc2+ 50. R1e2 Qd1 51. Re1 Qd5 52. R1e5 Qd2+ 53. Re2
Qh6 54. Re1 c3 55. f4 Rd8 56. Rxf6+ Kxf6 57. g5+ Kf7 58. gxh6 Rxh6 59. Re7+ Kxe7
60. Qg5+ Rf6 61. Qe5+ Re6 62. Qg5+ Ke8 63. Qb5+ Rd7 64. Qh5+ Ke7 65. Qg5+ Kd6
66. Qxa5 Rc7 67. Qxb4+ Kd7 68. Qb5+ Kc8 69. Qf5 Rc6 70. Qf8+ Kc7 71. Qg7+ Kb8
72. Qh8+ Rc8 73. Qh5 c2 74. Qb5+ Kc7 75. Qc4+ Kd7 76. Qd4+ Rd6 77. Qg7+ Kc6 78.
Qb2 Kd7 79. Qg7+ Kc6 80. Qb2 Kd5 81. Qe5+ Kc4 82. Qe3 Rcd8 83. Qe4+ Kb3 84. Qb7+
Ka2 85. Qc7 Rd2+ 86. Kf3 R8d3+ 87. Ke4 Kb2 0-1

[Event "16th Asian Games Rapid"]
[Site "Guangzhou CHN"]
[Date "2010.11.15"]
[Round "5"]
[White "Ganguly, Surya Shekhar"]
[Black "Filippov, Anton"]
[Result "1-0"]
[WhiteTitle "GM"]
[BlackTitle "GM"]
[WhiteElo "2644"]
[BlackElo "2620"]
[WhiteFideId "5002150"]
[BlackFideId "14200988"]
[EventDate "2010.11.13"]

1. d4 d5 2. c4 dxc4 3. Nf3 Nf6 4. e3 e6 5. Bxc4 c5 6. O-O a6 7. Bb3 Be7 8. Nc3
O-O 9. e4 cxd4 10. Nxd4 Qc7 11. Qe2 Rd8 12. e5 Rxd4 13. exf6 Bxf6 14. Nd5 Qd8
15. Nc3 Qc7 16. Nd5 Qd8 17. Nxf6+ Qxf6 18. Bd2 Rd8 19. Bc3 Qe7 20. Rad1 Re8 21.
f4 Nc6 22. Rd3 g6 23. Rh3 e5 24. f5 Bxf5 25. Rxf5 gxf5 26. Qh5 Qf6 27. Qxh7+ Kf8
28. Rh6 Qg7 29. Qxf5 Re7 30. Rh7 Qg8 31. Qh5 1-0

[Event "16th Asian Games Rapid"]
[Site "Guangzhou CHN"]
[Date "2010.11.15"]
[Round "5"]
[White "Hassan, Abdullah"]
[Black "Al-Modiahki, Mohamad"]
[Result "0-1"]
[WhiteTitle "IM"]
[BlackTitle "GM"]
[WhiteElo "2398"]
[BlackElo "2562"]
[WhiteFideId "9300481"]
[BlackFideId "12100030"]
[EventDate "2010.11.13"]

1. d4 Nf6 2. Nf3 g6 3. g3 Bg7 4. Bg2 O-O 5. O-O d6 6. c4 Nc6 7. Nc3 Bf5 8. d5
Na5 9. Nd4 Bd7 10. Qd3 c5 11. Nc2 a6 12. b3 Rb8 13. Bb2 b5 14. Rab1 Qc7 15. h3
Rb7 16. Ba1 bxc4 17. bxc4 Rfb8 18. Ne3 Rb4 19. Rxb4 cxb4 20. Ne4 b3 21. Nxf6+
exf6 22. axb3 Nxb3 23. Rb1 Nxa1 24. Rxa1 a5 25. Ra2 a4 26. Nc2 Rb3 27. Qd2 Qxc4
28. Nd4 Rb1+ 29. Kh2 f5 30. Nc6 Rd1 31. Qxd1 Qxa2 32. Qd3 Qb3 33. Qa6 Bf6 34.
Qa7 a3 35. Qxd7 a2 36. Qe8+ Kg7 37. Nb8 a1=Q 38. Nd7 Kh6 39. Qf8+ Bg7 40. Qxd6
Qd4 41. e3 Qdb4 42. Ne5 Qd4 43. Nd7 Qdb4 44. Ne5 Bxe5 45. Qxe5 Q3c3 46. Qe8 Kg7
47. Qd7 Qe5 48. Qc6 Qbd6 49. Qc2 g5 0-1

[Event "16th Asian Games Rapid"]
[Site "Guangzhou CHN"]
[Date "2010.11.15"]
[Round "5"]
[White "Gundavaa, Bayarsaikhan"]
[Black "Antonio, Rogelio Jr"]
[Result "1-0"]
[BlackTitle "GM"]
[WhiteElo "2472"]
[BlackElo "2573"]
[WhiteFideId "4901045"]
[BlackFideId "5200032"]
[EventDate "2010.11.13"]

1. d4 Nf6 2. c4 e6 3. g3 Bb4+ 4. Bd2 Qe7 5. Bg2 Nc6 6. e3 O-O 7. Ne2 Bxd2+ 8.
Nxd2 d6 9. O-O e5 10. d5 Nd8 11. b4 a5 12. a3 Bf5 13. e4 Bd7 14. Qc2 g6 15. h3
Nh5 16. c5 Bb5 17. Bf3 Ng7 18. Rfc1 f5 19. cxd6 cxd6 20. exf5 Nxf5 21. Qe4 Nf7
22. h4 axb4 23. Qxb4 Bxe2 24. Bxe2 Nd4 25. Bd1 Qf6 26. Ne4 Qf5 27. Qe1 b5 28.
Kg2 g5 29. Bg4 Qg6 30. h5 Qg7 31. Rc7 Ra6 32. Rcc1 Raa8 33. Rc7 Ra6 34. Rac1 Kh8
35. Qe3 h6 36. Rb7 Qg8 37. Nf6 Qg7 38. Ne4 Qg8 39. Nf6 Qg7 40. Nd7 Rfa8 41. Nb8 1-0

[Event "16th Asian Games Rapid"]
[Site "Guangzhou CHN"]
[Date "2010.11.15"]
[Round "5"]
[White "Ghaem Maghami, Ehsan"]
[Black "Sadvakasov, Darmen"]
[Result "0-1"]
[WhiteTitle "GM"]
[BlackTitle "GM"]
[WhiteElo "2593"]
[BlackElo "2627"]
[WhiteFideId "12500739"]
[BlackFideId "13700464"]
[EventDate "2010.11.13"]

1. e4 e5 2. Nf3 Nc6 3. Ng1 Nb8 4. Nf3 Nc6 5. Bb5 a6 6. Ba4 Nf6 7. O-O Be7 8. Re1
Bf8 9. Rf1 Be7 10. Re1 b5 11. Bb3 O-O 12. a4 b4 13. d3 d6 14. c3 Rb8 15. Nbd2
Na5 16. Ba2 c5 17. Nc4 h6 18. d4 cxd4 19. cxd4 b3 20. Nxa5 Qxa5 21. Bxb3 Bg4 22.
Bd2 Qb6 23. Bc4 exd4 24. b3 Nd7 25. a5 Qa7 26. h3 Bxf3 27. Qxf3 Ne5 28. Qg3 Nxc4
29. Bxh6 Bf6 30. bxc4 Qc5 31. Bf4 Be5 32. Rec1 Rb4 33. h4 f5 34. Bxe5 dxe5 35.
exf5 Rxf5 36. Qd3 Rf4 37. Qg3 Rf5 38. Qd3 Rf4 39. Re1 Rxc4 40. Rxe5 Qxe5 41.
Qxc4+ Kh7 42. Qxa6 Rxh4 43. Qd3+ Kh6 44. g3 Rh5 45. Qf3 Rf5 46. Qh1+ Kg6 47. a6
d3 48. Qc6+ Rf6 49. Qa4 d2 50. Qd1 Qd4 51. Qf1 Rxf2 52. Qb1+ Kh6 53. Ra4 d1=Q+ 0-1

[Event "16th Asian Games Rapid"]
[Site "Guangzhou CHN"]
[Date "2010.11.15"]
[Round "5"]
[White "Kojima, Shinya"]
[Black "Salem, A.R. Saleh"]
[Result "0-1"]
[WhiteTitle "FM"]
[BlackTitle "GM"]
[WhiteElo "2329"]
[BlackElo "2518"]
[WhiteFideId "7000812"]
[BlackFideId "9301348"]
[EventDate "2010.11.13"]

1. e4 c5 2. c3 Nf6 3. e5 Nd5 4. Nf3 Nc6 5. Bc4 Nb6 6. Bb3 c4 7. Bc2 d6 8. exd6
Qxd6 9. O-O Bg4 10. Re1 O-O-O 11. b3 Qf6 12. Be4 Ne5 13. Na3 Nd3 14. Re3 Nc5 15.
Nxc4 Nxc4 16. bxc4 Nxe4 17. Rxe4 Qxc3 18. Bb2 Qxb2 19. Rxg4 f5 20. Rg3 g6 21.
Rb1 Qxa2 22. Ra1 Qb2 23. Rb1 Qa2 24. Ra1 Qb2 25. Rb1 Qa2 26. Ra1 Qb2 27. Rb1 Qf6
28. Ra1 Qb2 29. Rb1 Qa2 30. Ra1 Qb2 31. Rb1 Qa2 32. Ra1 Qb2 33. Rb1 Qf6 34. Qa4
a6 35. d4 Bg7 36. Qb4 Rd7 37. Ne5 Rc7 38. c5 Rd8 39. c6 Qd6 40. cxb7+ Kb8 41.
Qe1 Bxe5 42. dxe5 Qd2 43. Qxd2 Rxd2 44. Rgb3 Rcc2 45. Rb6 Rc7 46. R6b3 Rcc2 47.
Rb6 Rxf2 48. Rxa6 Rxg2+ 49. Kf1 Rcf2+ 50. Ke1 Rb2 51. Rxb2 Rxb2 52. Ra8+ Kxb7
53. Re8 Rxh2 54. Rxe7+ Kc6 55. e6 Kd6 56. Re8 Rh4 57. Kf2 Re4 58. Rh8 h5 0-1